000
00331pab a2200133 454500
008
180718b1983 xxu||||| |||| 00| 0 eng d
245
_a
Symposium
_b
Remolding the urban future
260
_c
1983
300
_a
445-592
362
_a
June
650
_a
Urban Conditions - U.S.A.
773
_a
Urban Affairs Quarterly
909
_a
20130
999
_c
20130
_d
20130